[Event "CAMPEONATO CONTINENTAL ABSOLUT"]
[Site "Hotel Torre de Cali, Cali, Co"]
[Date "2007.07.14"]
[Round "5.3"]
[White "Ehlvest, Jaan"]
[Black "Ivanov, Alexander"]
[Result "1/2-1/2"]
[WhiteElo "2629"]
[BlackElo "2547"]
[PlyCount "57"]
[EventDate "2007.07.10"]

1. d4 Nf6 2. Nf3 e6 3. c4 b6 4. g3 Ba6 5. Qc2 c5 6. d5 exd5 7. cxd5 Bb7 8. Bg2
Nxd5 9. O-O Be7 10. Rd1 Nc6 11. Qa4 Nf6 12. e4 O-O 13. e5 Ne8 14. Nc3 Qc8 15.
Nd5 Bd8 16. Bf4 Nc7 17. Ne3 Ne6 18. Nf5 Bc7 19. Be3 Re8 20. Qg4 Nxe5 21. Nxe5
Bxe5 22. Rd5 Bxd5 23. Bxd5 Qd8 24. Nh6+ Kf8 25. Qh5 gxh6 26. Qxe5 Kg8 27. Bxh6
f6 28. Qf5 Qe7 29. Bxa8 1/2-1/2

[Event "CAMPEONATO CONTINENTAL ABSOLUT"]
[Site "Hotel Torre de Cali, Cali, Co"]
[Date "2007.07.14"]
[Round "5.4"]
[White "Gulko, Boris"]
[Black "Lima, Darcy"]
[Result "1/2-1/2"]
[WhiteElo "2576"]
[BlackElo "2463"]
[PlyCount "31"]
[EventDate "2007.07.10"]

1. d4 d5 2. c4 dxc4 3. e4 c5 4. d5 Nf6 5. Nc3 e6 6. Bxc4 exd5 7. Nxd5 Nxd5 8.
Bxd5 Be7 9. Nf3 O-O 10. O-O Qb6 11. Be3 Nc6 12. Rc1 Be6 13. Qe2 Bxd5 14. exd5
Nb4 15. Qc4 Qa6 16. Qxa6 1/2-1/2

[Event "CAMPEONATO CONTINENTAL ABSOLUT"]
[Site "Hotel Torre de Cali, Cali, Co"]
[Date "2007.07.14"]
[Round "5.5"]
[White "Felgaer, Ruben"]
[Black "Garcia, Gildardo"]
[Result "1/2-1/2"]
[WhiteElo "2559"]
[BlackElo "2435"]
[PlyCount "101"]
[EventDate "2007.07.10"]

1. e4 e5 2. Nf3 Nc6 3. Bc4 Nf6 4. d3 Bc5 5. c3 d6 6. h3 a6 7. Bb3 h6 8. Nbd2
Be6 9. Bc2 Ba7 10. Nf1 d5 11. Qe2 Qe7 12. Ng3 O-O-O 13. Ba4 dxe4 14. dxe4 Nd4
15. cxd4 Qb4+ 16. Bd2 Qxa4 17. d5 Bd7 18. b3 Qa3 19. Bc3 Rhe8 20. O-O Bd4 21.
Qd2 Bxc3 22. Qxc3 Qd6 23. Nd2 Kb8 24. Nc4 Qc5 25. Rfc1 c6 26. b4 Qd4 27. Qc2
cxd5 28. Nd6 Rc8 29. Nxc8 Rxc8 30. Qd1 Rxc1 31. Rxc1 Qxb4 32. exd5 Qd6 33. Qd3
Qxd5 34. Qxd5 Nxd5 35. Rc5 Be6 36. Ne4 Nb4 37. a3 Nc6 38. Nd6 Kc7 39. Ne8+ Kb6
40. Rc1 g6 41. Rb1+ Ka7 42. f3 b5 43. Kf2 Nd4 44. Nd6 Nc2 45. Nxb5+ axb5 46.
Rxb5 Ka6 47. a4 Bd7 48. Rxe5 Bxa4 49. Re4 Bb3 50. g4 Be6 51. Ra4+ 1/2-1/2

[Event "CAMPEONATO CONTINENTAL ABSOLUT"]
[Site "Hotel Torre de Cali, Cali, Co"]
[Date "2007.07.14"]
[Round "5.6"]
[White "Rodriguez Vila, Andrez"]
[Black "Mosquera, Miguel"]
[Result "1-0"]
[WhiteElo "2547"]
[BlackElo "2414"]
[PlyCount "45"]
[EventDate "2007.07.10"]

1. f4 Nf6 2. Nf3 g6 3. d3 d5 4. g3 Bg7 5. Bg2 c5 6. O-O Nc6 7. Nc3 O-O 8. e4
dxe4 9. dxe4 Qxd1 10. Rxd1 e5 11. Be3 b6 12. h3 Be6 13. f5 Bc4 14. g4 Rfd8 15.
Bg5 Rxd1+ 16. Rxd1 Ne8 17. b3 Ba6 18. Nd5 Nd4 19. f6 Nxf3+ 20. Bxf3 Bf8 21.
Ne7+ Kh8 22. Nc6 Bd6 23. Bh6 1-0

[Event "CAMPEONATO CONTINENTAL ABSOLUT"]
[Site "Hotel Torre de Cali, Cali, Co"]
[Date "2007.07.14"]
[Round "5.7"]
[White "Lafuente, Pablo"]
[Black "Peralta, Fernando"]
[Result "1/2-1/2"]
[WhiteElo "2454"]
[BlackElo "2546"]
[PlyCount "49"]
[EventDate "2007.07.10"]

1. d4 Nf6 2. c4 e6 3. g3 d5 4. Nf3 Bb4+ 5. Bd2 Be7 6. Bg2 O-O 7. O-O c6 8. Bf4
Nbd7 9. Qb3 a5 10. Rd1 Ne4 11. Nc3 f5 12. Ne5 Nxe5 13. Bxe5 Nd6 14. cxd5 exd5
15. Na4 Nc4 16. e3 Kh8 17. Rac1 Re8 18. Bf4 Bf6 19. h4 g6 20. Nc5 Nb6 21. Be5
Bg7 22. a4 Ra7 23. Bb8 Ra8 24. Be5 Ra7 25. Bb8 1/2-1/2

[Event "CAMPEONATO CONTINENTAL ABSOLUT"]
[Site "Hotel Torre de Cali, Cali, Co"]
[Date "2007.07.14"]
[Round "5.8"]
[White "Kudrin, Sergey"]
[Black "Mekhitarian, Krikor Sevag"]
[Result "1-0"]
[WhiteElo "2543"]
[BlackElo "2420"]
[PlyCount "93"]
[EventDate "2007.07.10"]

1. e4 c5 2. Nf3 e6 3. d4 cxd4 4. Nxd4 a6 5. Nc3 Qc7 6. g3 Bb4 7. Bd2 Nf6 8. Bg2
Nc6 9. Nb3 Be7 10. f4 d6 11. a4 b6 12. g4 Bb7 13. g5 Nd7 14. O-O O-O 15. Rf3 g6
16. Qe1 Rfe8 17. Rh3 Bf8 18. Qh4 h5 19. Ne2 Bg7 20. Bc3 Ne7 21. Ng3 Bxc3 22.
Nxh5 gxh5 23. Rxc3 Nc5 24. Qxh5 Ng6 25. Rf1 d5 26. Nxc5 bxc5 27. f5 exf5 28.
exf5 Nf4 29. Qh6 f6 30. gxf6 Ne2+ 31. Kh1 Nxc3 32. Qg6+ Kf8 33. Qh6+ Kg8 34.
Rg1 Qh7 35. f7+ Kh8 36. fxe8=Q+ Rxe8 37. Qf6+ Qg7 38. Qxg7+ Kxg7 39. Bxd5+ Kf6
40. Bxb7 Rb8 41. Bxa6 Rxb2 42. Bd3 Nxa4 43. Rg6+ Ke7 44. Bc4 Rb6 45. Bd3 Rxg6
46. fxg6 Nb6 47. g7 1-0

[Event "CAMPEONATO CONTINENTAL ABSOLUT"]
[Site "Hotel Torre de Cali, Cali, Co"]
[Date "2007.07.14"]
[Round "5.9"]
[White "Diamant, Andre"]
[Black "Fier, Alexander"]
[Result "1-0"]
[WhiteElo "2394"]
[BlackElo "2527"]
[PlyCount "75"]
[EventDate "2007.07.10"]

1. e4 c5 2. Nf3 d6 3. d4 cxd4 4. Nxd4 Nf6 5. Nc3 Nc6 6. Bg5 e6 7. Qd2 Be7 8.
O-O-O Qb6 9. Nb3 O-O 10. f3 Rd8 11. Kb1 d5 12. Bxf6 dxe4 13. Bxe7 Rxd2 14. Nxd2
Nxe7 15. Nc4 Qc7 16. Nb5 Qd7 17. Rxd7 Bxd7 18. Ne5 exf3 19. Nxd7 Rd8 20. gxf3
Rxd7 21. Bd3 a6 22. Nc3 h5 23. Rd1 f5 24. Ne2 Ng6 25. f4 Kf7 26. Kc1 Nh4 27.
Rf1 Kf6 28. Ng3 g6 29. Kd2 e5 30. fxe5+ Kxe5 31. Ke2 f4 32. Ne4 Nf5 33. Rg1
Nd4+ 34. Kf2 Rg7 35. Rg5+ Ke6 36. Nc5+ Kf6 37. Rd5 Nc6 38. Rd6+ 1-0

[Event "CAMPEONATO CONTINENTAL ABSOLUT"]
[Site "Hotel Torre de Cali, Cali, Co"]
[Date "2007.07.14"]
[Round "5.13"]
[White "Cori, Jorge"]
[Black "Leon Hoyos, Manuel"]
[Result "0-1"]
[WhiteElo "2267"]
[BlackElo "2484"]
[PlyCount "74"]
[EventDate "2007.07.10"]

1. e4 c5 2. Nf3 Nc6 3. d4 cxd4 4. Nxd4 g6 5. c4 Bg7 6. Be3 Nf6 7. Nc3 O-O 8.
Be2 b6 9. O-O Bb7 10. f3 Rc8 11. Rc1 Ne5 12. b3 d6 13. Qd2 Re8 14. Nd5 Ned7 15.
Nc3 a6 16. Rfd1 Qc7 17. Bf1 Qb8 18. Qf2 e6 19. Nde2 Bc6 20. Bf4 Bf8 21. Nd4 Bb7
22. Nde2 Bc6 23. Rd2 Be7 24. Rcd1 Ne5 25. Nd4 Ba8 26. Rc2 Red8 27. h3 Ned7 28.
Bh2 e5 29. Nde2 d5 30. Qe1 dxe4 31. fxe4 Nxe4 32. Kh1 Ndf6 33. Nxe4 Nxe4 34.
Rxd8+ Rxd8 35. Ng1 Qd6 36. Nf3 Qd1 37. Re2 Bb4 0-1

[Event "CAMPEONATO CONTINENTAL ABSOLUT"]
[Site "Hotel Torre de Cali, Cali, Co"]
[Date "2007.07.14"]
[Round "5.14"]
[White "Escobar Forero, Alder"]
[Black "Renteria, Jorge"]
[Result "0-1"]
[WhiteElo "2477"]
[BlackElo "2252"]
[PlyCount "68"]
[EventDate "2007.07.10"]

1. e4 c5 2. Nf3 d6 3. d4 cxd4 4. Nxd4 Nf6 5. Nc3 a6 6. Be3 e5 7. Nf3 h6 8. a4
Be6 9. a5 Nbd7 10. Be2 Rc8 11. Nd2 d5 12. exd5 Nxd5 13. Nxd5 Bxd5 14. O-O Bc5
15. Bxc5 Nxc5 16. c4 Bc6 17. b4 Ne6 18. b5 Bd7 19. Bf3 Qc7 20. b6 Qb8 21. Re1
O-O 22. Qe2 Nd4 23. Qd3 Bc6 24. Bxc6 Nxc6 25. Nf3 Rcd8 26. Qc3 Rfe8 27. Re3 Qd6
28. c5 Qd5 29. h3 f6 30. Rae1 Re6 31. Nh4 $2 Nd4 32. f4 $2 Rc8 33. fxe5 Rxc5
34. Qd3 Nc2 0-1

[Event "CAMPEONATO CONTINENTAL ABSOLUT"]
[Site "Hotel Torre de Cali, Cali, Co"]
[Date "2007.07.14"]
[Round "5.15"]
[White "Zambrana, Oswaldo"]
[Black "Ramirez, Carlos"]
[Result "1-0"]
[WhiteElo "2511"]
[BlackElo "2241"]
[PlyCount "121"]
[EventDate "2007.07.10"]

1. e4 e6 2. d4 d5 3. Nd2 c5 4. Ngf3 cxd4 5. exd5 Qxd5 6. Bc4 Qd6 7. O-O Nf6 8.
Nb3 Nc6 9. Nbxd4 Nxd4 10. Nxd4 a6 11. Bb3 Qc7 12. Qf3 Bd6 13. Kh1 Bd7 14. Bg5
O-O-O 15. Rad1 Bc6 16. Nxc6 Qxc6 17. Qxc6+ bxc6 18. Bc4 a5 19. Rd3 Kc7 20. Rfd1
Rd7 21. g3 Nd5 22. Rf3 Ra8 23. Bf1 Be5 24. c3 h6 25. Bc1 Rad8 26. Rfd3 Nb6 27.
Kg2 Rxd3 28. Rxd3 Rxd3 29. Bxd3 Kd6 30. Kf3 Bf6 31. Ke2 c5 32. Bb5 Bg5 33. f4
Bd8 34. Bd2 Nd5 35. a3 Bb6 36. Kd3 Bc7 37. Be8 Ke7 38. Bc6 Nb6 39. b4 axb4 40.
cxb4 cxb4 41. Bxb4+ Bd6 42. Kc3 Nc8 43. a4 Bxb4+ 44. Kxb4 Kd6 45. Bb7 Ne7 46.
Kb5 Kc7 47. Be4 Nc8 48. Kc5 Nd6 49. Bf3 Nf5 50. a5 Ne3 51. a6 Kb8 52. Kb6 Nc4+
53. Kc6 Ne3 54. Be2 Ka7 55. Kd7 Nf5 56. Ke8 f6 57. Bd3 Nd4 58. Kf7 e5 59. f5
Nf3 60. h4 Ne1 61. Be4 1-0

[Event "CAMPEONATO CONTINENTAL ABSOLUT"]
[Site "Hotel Torre de Cali, Cali, Co"]
[Date "2007.07.14"]
[Round "5.16"]
[White "Matsuura, Everaldo"]
[Black "Pena, Alfredo"]
[Result "1-0"]
[WhiteElo "2505"]
[BlackElo "2248"]
[PlyCount "69"]
[EventDate "2007.07.10"]

1. e4 e5 2. Nf3 Nc6 3. Bb5 a6 4. Ba4 Nf6 5. O-O Be7 6. Qe2 b5 7. Bb3 d6 8. c3
O-O 9. Rd1 Na5 10. Bc2 c5 11. d4 Qc7 12. d5 c4 13. Nbd2 Re8 14. Nf1 h6 15. h3
Bf8 16. N3h2 g6 17. Be3 Bg7 18. Ng4 h5 19. Nxf6+ Bxf6 20. Nh2 Nb7 21. Nf3 Nc5
22. b4 cxb3 23. axb3 Bd7 24. b4 Nb7 25. Bd3 Reb8 26. Ra3 Nd8 27. Rda1 Bc8 28.
Bd2 Qb6 29. c4 Bb7 30. Be3 Qc7 31. cxb5 axb5 32. Bxb5 Bxd5 33. exd5 e4 34. Rxa8
exf3 35. gxf3 1-0

[Event "CAMPEONATO CONTINENTAL ABSOLUT"]
[Site "Hotel Torre de Cali, Cali, Co"]
[Date "2007.07.14"]
[Round "5.17"]
[White "Ruiz, Pablo"]
[Black "Hungaski, Robert Andrew"]
[Result "0-1"]
[WhiteElo "2247"]
[BlackElo "2399"]
[PlyCount "118"]
[EventDate "2007.07.10"]

1. e4 e5 2. Nf3 Nc6 3. Bb5 a6 4. Ba4 Nf6 5. O-O Be7 6. Re1 b5 7. Bb3 d6 8. c3
O-O 9. h3 Na5 10. Bc2 c5 11. d4 Qc7 12. Nbd2 Nc6 13. Nf1 cxd4 14. cxd4 exd4 15.
Bg5 h6 16. Bh4 Be6 17. Rc1 Qb6 18. Bb1 Rac8 19. Bg3 Nd7 20. Rxc6 Rxc6 21. Nxd4
Rc4 22. Nxe6 fxe6 23. Ne3 Rd4 24. Qg4 Rf6 25. f4 Nf8 26. Kh2 Rg6 27. Qf3 Qd8
28. Re2 Rf6 29. Bf2 Rf7 30. g3 Bf6 31. b3 Qa5 32. Be1 Qc7 33. Bc2 Be7 34. Bf2
Qc3 35. Be1 Qc7 36. Ng4 d5 37. Qc3 Qa7 38. Bf2 Bc5 39. Bxd4 Bxd4 40. Qd3 h5 41.
exd5 hxg4 42. dxe6 Re7 43. hxg4 Qb6 44. f5 Bf6 45. b4 Nh7 46. Bb3 Ng5 47. Rc2
g6 48. Kg2 Kg7 49. Bd5 Qb8 50. a3 Qh8 51. Kg1 Qh3 52. fxg6 Qxg4 53. Rh2 Rc7 54.
Bc6 Bd4+ 55. Kg2 Rxc6 56. Rh4 Qf3+ 57. Qxf3 Rc2+ 58. Kh1 Nxf3 59. e7 Rc1+ 0-1

[Event "CAMPEONATO CONTINENTAL ABSOLUT"]
[Site "Hotel Torre de Cali, Cali, Co"]
[Date "2007.07.14"]
[Round "5.18"]
[White "Sanchez, Victor"]
[Black "Capo Vidal, Uriel"]
[Result "0-1"]
[WhiteElo "2232"]
[BlackElo "2370"]
[PlyCount "66"]
[EventDate "2007.07.10"]

1. e4 c5 2. Nf3 Nc6 3. Bb5 Nf6 4. Nc3 Qc7 5. O-O Nd4 6. Nxd4 cxd4 7. Nd5 Nxd5
8. exd5 Qc5 9. c4 a6 10. b4 Qxb4 11. Ba4 b5 12. cxb5 axb5 13. Bb3 g6 14. d6 e6
15. Qf3 Ra6 16. Qf6 Rg8 17. d3 Bxd6 18. Qh4 h5 19. Bg5 Bb7 20. Rab1 Qc5 21.
Rfc1 Qf5 22. Bc4 Rb6 23. a4 b4 24. a5 Rc6 25. a6 Ba8 26. Bd2 g5 27. Qxh5 Ke7
28. Re1 Rcc8 29. Bxb4 Bxb4 30. Rxb4 Rh8 31. Qe2 Rxh2 32. Kxh2 Rh8+ 33. Kg1 Rh1+
0-1

[Event "CAMPEONATO CONTINENTAL ABSOLUT"]
[Site "Hotel Torre de Cali, Cali, Co"]
[Date "2007.07.14"]
[Round "5.19"]
[White "Naranjo, Sebastian"]
[Black "Ripari, Marcelo"]
[Result "1-0"]
[WhiteElo "2035"]
[BlackElo "2350"]
[PlyCount "59"]
[EventDate "2007.07.10"]

1. e4 c5 2. Nf3 e6 3. d4 cxd4 4. Nxd4 Nf6 5. Bd3 d5 6. e5 Nfd7 7. Nxe6 fxe6 8.
Qh5+ Ke7 9. Bg5+ Nf6 10. O-O Nbd7 11. exf6+ gxf6 12. Bh4 Qe8 13. Qf3 Bg7 14.
Re1 Kf8 15. Bf5 Nb6 16. Qa3+ Kf7 17. Qd3 Qc6 18. Bg4 e5 19. Bh5+ Kg8 20. Nc3
Be6 21. Re3 Qc4 22. Qxc4 Nxc4 23. Rd3 e4 24. Rg3 Rf8 25. Rd1 Nb6 26. Ne2 Bf7
27. Nf4 f5 28. Bf6 Bg6 29. Bxg7 Kxg7 30. Bxg6 1-0

[Event "CAMPEONATO CONTINENTAL ABSOLUT"]
[Site "Hotel Torre de Cali, Cali, Co"]
[Date "2007.07.14"]
[Round "5.20"]
[White "Alvarez, Javier"]
[Black "Avalos Parra, Joao"]
[Result "1/2-1/2"]
[WhiteElo "2100"]
[BlackElo "2272"]
[PlyCount "64"]
[EventDate "2007.07.10"]

1. e4 e5 2. Nf3 Nc6 3. Bb5 a6 4. Ba4 Nf6 5. O-O b5 6. Bb3 Be7 7. Re1 d6 8. c3
O-O 9. d4 Bg4 10. Be3 Bh5 11. Nbd2 d5 12. exd5 Nxd5 13. dxe5 Nxe5 14. Bd4 Ng6
15. a4 c5 16. Be5 c4 17. Bc2 Bc5 18. Nf1 Re8 19. Bg3 Rxe1 20. Qxe1 Bxf3 21.
gxf3 Ra7 22. Rd1 Rd7 23. Bf5 Ra7 24. Qe4 Nge7 25. Bxh7+ Kf8 26. Qh4 Rd7 27. Be4
Nf6 28. Qh8+ Neg8 29. Rxd7 Qxd7 30. Be5 Qe6 31. Bxf6 Qxf6 32. Qh5 Qb6 1/2-1/2

[Event "CAMPEONATO CONTINENTAL ABSOLUT"]
[Site "Hotel Torre de Cali, Cali, Co"]
[Date "2007.07.14"]
[Round "5.21"]
[White "Martinez, Julian"]
[Black "Sequera, Jose"]
[Result "0-1"]
[WhiteElo "2251"]
[BlackElo "2432"]
[PlyCount "86"]
[EventDate "2007.07.10"]

1. e4 e6 2. d4 d5 3. Nd2 Nf6 4. e5 Nfd7 5. Bd3 c5 6. c3 Nc6 7. Ndf3 cxd4 8.
cxd4 f6 9. exf6 Qxf6 10. Ne2 h6 11. O-O Bd6 12. Bb1 O-O 13. Qd3 Rd8 14. Ng3 Nf8
15. Re1 Bd7 16. Ne5 Bxe5 17. dxe5 Nxe5 18. Qb3 Ng4 19. Re2 Qd4 20. Rd2 Qb6 21.
Qxb6 axb6 22. Rd4 Ra4 23. Rxa4 Bxa4 24. f3 Nf6 25. Bf4 N8d7 26. Bg6 e5 27. Bd2
Nf8 28. Bf5 g6 29. Bd3 Kg7 30. Bc3 N8d7 31. b4 d4 32. Bb2 Nd5 33. a3 Nf4 34.
Be4 Nf6 35. Rc1 Rd7 36. Bc2 Bxc2 37. Rxc2 N6d5 38. Ne4 Ne3 39. Rc8 Nfxg2 40.
Re8 Nf4 41. Rxe5 Nc4 42. Bxd4 Ne2+ 43. Kf2 Nxd4 0-1

[Event "CAMPEONATO CONTINENTAL ABSOLUT"]
[Site "Hotel Torre de Cali, Cali, Co"]
[Date "2007.07.14"]
[Round "5.22"]
[White "Barrientos, Sergio"]
[Black "Minaya, Juan"]
[Result "1-0"]
[WhiteElo "2417"]
[BlackElo "2254"]
[PlyCount "71"]
[EventDate "2007.07.10"]

1. e4 c5 2. Nf3 Nc6 3. d4 cxd4 4. Nxd4 g6 5. c4 Bg7 6. Nc2 Nf6 7. Nc3 O-O 8.
Be2 d6 9. O-O Nd7 10. Bd2 Nc5 11. b4 Bxc3 12. Bxc3 Nxe4 13. Bb2 Be6 14. b5 Ne5
15. Qd4 Nf6 16. f4 Ned7 17. g4 Qb6 18. f5 Bxc4 19. Bxc4 Nxg4 20. Qxb6 Nxb6 21.
Bb3 Rac8 22. h3 Nh6 23. Ne3 Rc5 24. fxg6 hxg6 25. a4 Rfc8 26. Bd4 Rg5+ 27. Kh2
Nd7 28. Nd5 Kf8 29. Bxa7 e6 30. Ne3 Ke7 31. Rac1 Rh8 32. Bd4 e5 33. Ba7 f5 34.
Nd5+ Kd8 35. Rc3 Nc5 36. Bb6+ 1-0

[Event "CAMPEONATO CONTINENTAL ABSOLUT"]
[Site "Hotel Torre de Cali, Cali, Co"]
[Date "2007.07.14"]
[Round "5.23"]
[White "Iturrizaga, Eduardo"]
[Black "Markzon, Gregory"]
[Result "1-0"]
[WhiteElo "2411"]
[BlackElo "2237"]
[PlyCount "57"]
[EventDate "2007.07.10"]

1. e4 c5 2. Nf3 Nc6 3. d4 cxd4 4. Nxd4 Nf6 5. Nc3 e5 6. Ndb5 d6 7. Bg5 a6 8.
Na3 b5 9. Nd5 Be7 10. Nxe7 Nxe7 11. Bd3 Nd7 12. c4 f6 13. Bd2 Nc5 14. Bb4 Nc6
15. Bxc5 dxc5 16. cxb5 Nd4 17. bxa6 O-O 18. Bc4+ Kh8 19. O-O Bxa6 20. Qd3 Bb7
21. Nb5 f5 22. f3 fxe4 23. fxe4 Qb6 24. Rxf8+ Rxf8 25. Rf1 Re8 26. Nc3 Rd8 27.
b3 h6 28. Qg3 Bxe4 29. Nxe4 1-0

[Event "CAMPEONATO CONTINENTAL ABSOLUT"]
[Site "Hotel Torre de Cali, Cali, Co"]
[Date "2007.07.14"]
[Round "5.24"]
[White "Castro, Oscar H"]
[Black "Mesias, Rabindranath"]
[Result "1-0"]
[WhiteElo "2390"]
[BlackElo "2237"]
[PlyCount "64"]
[EventDate "2007.07.10"]

1. d4 c5 2. d5 e5 3. e4 d6 4. f4 exf4 5. Bxf4 Qb6 6. b3 Nf6 7. Nd2 Be7 8. Ngf3
O-O 9. h3 Nh5 10. Bh2 f5 11. exf5 Qd8 12. Kf2 Bf6 13. g4 Bxa1 14. Qxa1 Nf6 15.
Bd3 Na6 16. c4 Nc7 17. a4 Na6 18. Qg1 Nb4 19. Bb1 a6 20. Qg3 Ne8 21. Ne4 b5 22.
Re1 bxa4 23. bxa4 Bd7 24. Nfg5 Ra7 25. Kg2 h6 26. Ne6 Bxe6 27. fxe6 Rb7 28. Qe3
Qa5 29. Bxd6 Nxd5 30. cxd5 Nxd6 31. Nxd6 Rb3 32. Qe4 Rxb1 1-0

[Event "CAMPEONATO CONTINENTAL ABSOLUT"]
[Site "Hotel Torre de Cali, Cali, Co"]
[Date "2007.07.14"]
[Round "5.25"]
[White "Ibarra Chami, Luis Fernando"]
[Black "Gallego, Andres"]
[Result "1/2-1/2"]
[WhiteElo "2386"]
[BlackElo "2235"]
[PlyCount "108"]
[EventDate "2007.07.10"]

1. e4 c5 2. Ne2 Nc6 3. Nbc3 g6 4. g3 Bg7 5. Bg2 d6 6. O-O e6 7. d3 Nge7 8. Be3
Nd4 9. Qd2 O-O 10. Nd1 e5 11. c3 Nxe2+ 12. Qxe2 Be6 13. f4 exf4 14. Bxf4 Nc6
15. Nf2 Qd7 16. Rfd1 Rfe8 17. Be3 Rac8 18. Qd2 b6 19. d4 cxd4 20. cxd4 d5 21.
Rac1 Red8 22. Bg5 f6 23. exd5 Bxd5 24. Bh3 Qf7 25. Bh6 Bxh6 26. Qxh6 f5 27. Qf4
Bxa2 28. Ne4 Ne7 29. Rxc8 Nxc8 30. Ng5 Qf6 31. g4 Ne7 32. gxf5 gxf5 33. Nf3 Bd5
34. Ne5 Rc8 35. Rd3 Kh8 36. Rg3 Rg8 37. Ng4 Qe6 38. Ne5 a5 39. Qc1 Qc8 40. Qh6
Qe6 41. Qc1 h6 42. Qc7 Ng6 43. Kf2 Nxe5 44. dxe5 Rxg3 45. hxg3 Be4 46. Qd6 Qd5
47. Qf8+ Kh7 48. Bxf5+ Bxf5 49. Qxf5+ Kg7 50. Qf6+ Kh7 51. e6 Qd2+ 52. Kf3 Qd3+
53. Kf4 Qc4+ 54. Kf5 Qc2+ 1/2-1/2

[Event "CAMPEONATO CONTINENTAL ABSOLUT"]
[Site "Hotel Torre de Cali, Cali, Co"]
[Date "2007.07.14"]
[Round "5.26"]
[White "Lopez, Mario Iver"]
[Black "Vittorino, Carlo"]
[Result "0-1"]
[WhiteElo "2345"]
[BlackElo "2228"]
[PlyCount "102"]
[EventDate "2007.07.10"]

1. e4 e5 2. Nf3 Nc6 3. Bc4 Bc5 4. O-O d6 5. c3 Qe7 6. d4 Bb6 7. d5 Nb8 8. a4 a6
9. a5 Ba7 10. Qe2 Nd7 11. Na3 Nf8 12. Nc2 Ng6 13. Be3 Nf6 14. Bxa7 Rxa7 15.
Rfe1 O-O 16. Qe3 Ra8 17. Bf1 Ng4 18. Qd2 f5 19. exf5 Bxf5 20. Ne3 Bd7 21. Nxg4
Bxg4 22. Ng5 Rf4 23. Ne4 Nh4 24. Re3 Raf8 25. Rae1 Kh8 26. b4 Qd8 27. Be2 Nf5
28. Bxg4 Nxe3 29. Rxe3 Rxg4 30. f3 Rg6 31. c4 Qd7 32. Kf1 Qa4 33. Kf2 Kg8 34.
Kg1 Rf4 35. h3 Qd7 36. Kh2 Rh4 37. Qf2 Rh5 38. g4 Rhh6 39. Qg3 Qe7 40. c5 Rh4
41. cxd6 cxd6 42. Rc3 Rgh6 43. Nf2 g5 44. Qg1 e4 45. Rc8+ Kg7 46. fxe4 Rf6 47.
Qg3 Rf4 48. Kg2 Rh6 49. Rc3 Rhf6 50. Nd1 Qxe4+ 51. Kg1 Rf8 0-1

[Event "CAMPEONATO CONTINENTAL ABSOLUT"]
[Site "Hotel Torre de Cali, Cali, Co"]
[Date "2007.07.14"]
[Round "5.27"]
[White "Montenegro, Rolando"]
[Black "Zuluaga, Cesar"]
[Result "0-1"]
[WhiteElo "2227"]
[BlackElo "2339"]
[PlyCount "66"]
[EventDate "2007.07.10"]

1. e4 c5 2. Nf3 e6 3. d3 Nc6 4. g3 d6 5. Bg2 g6 6. O-O Bg7 7. c3 e5 8. Re1 Nge7
9. Nbd2 Rb8 10. a4 O-O 11. Nf1 h6 12. Ne3 Be6 13. Nh4 d5 14. exd5 Nxd5 15. Nc4
Qc7 16. f4 Rbd8 17. Nxe5 Nxe5 18. fxe5 g5 19. Nf3 Rfe8 20. d4 cxd4 21. cxd4 Nb4
22. Bd2 Nd3 23. Ba5 Qxa5 24. Qxd3 g4 25. b4 Qxb4 26. Nh4 Rxd4 27. Qb5 Bd7 28.
Qf1 Rd2 29. Nf5 Qc5+ 30. Ne3 Rxe5 31. Rac1 Qd4 32. Rc4 Rxe3 33. Rxd4 Bxd4 0-1

[Event "CAMPEONATO CONTINENTAL ABSOLUT"]
[Site "Hotel Torre de Cali, Cali, Co"]
[Date "2007.07.14"]
[Round "5.28"]
[White "Condori, Edwin"]
[Black "Nina, Miguel Angel"]
[Result "1-0"]
[WhiteElo "2207"]
[BlackElo "2312"]
[PlyCount "53"]
[EventDate "2007.07.10"]

1. d4 d5 2. c4 c6 3. Nc3 e6 4. e4 dxe4 5. Nxe4 Nf6 6. Nxf6+ Qxf6 7. a3 e5 8.
Nf3 e4 9. Ng5 Bf5 10. g4 Bg6 11. Bg2 Nd7 12. Nxe4 Qe6 13. d5 Qe7 14. O-O Bxe4
15. Bxe4 O-O-O 16. Re1 c5 17. Bf5 Qf6 18. Qf3 Bd6 19. g5 Qd4 20. Re4 Rhe8 21.
Rxd4 Re1+ 22. Kg2 cxd4 23. b4 Kc7 24. Bxd7 Rxd7 25. Bb2 Re5 26. h4 g6 27. c5
1-0

[Event "CAMPEONATO CONTINENTAL ABSOLUT"]
[Site "Hotel Torre de Cali, Cali, Co"]
[Date "2007.07.14"]
[Round "5.29"]
[White "Valderrama, E Gilberto"]
[Black "Salazar, Carlos"]
[Result "0-1"]
[WhiteElo "2308"]
[BlackElo "2215"]
[PlyCount "86"]
[EventDate "2007.07.10"]

1. d4 Nf6 2. e3 g6 3. Nf3 Bg7 4. Bd3 c5 5. c3 d6 6. O-O O-O 7. h3 Nc6 8. e4 e5
9. d5 Ne7 10. c4 Ne8 11. Nc3 f5 12. Ng5 f4 13. Be2 Bf6 14. Nf3 Bd7 15. Nh2 Kh8
16. a3 h5 17. b4 b6 18. Bd2 Rf7 19. Nb5 a6 20. Nc3 Rh7 21. Rb1 Ng7 22. bxc5
bxc5 23. Na4 Nc8 24. Rb7 Qe8 25. Nb6 Nxb6 26. Rxb6 Bd8 27. Rb7 Bc8 28. Rb2 g5
29. f3 Qg6 30. Qb1 Bc7 31. Bc3 Ne8 32. Qe1 Nf6 33. Bd1 g4 34. fxg4 hxg4 35.
Nxg4 Bxg4 36. hxg4 Rg8 37. Bf3 Nxg4 38. Bxg4 Qxg4 39. Qf2 Rgg7 40. Qf3 Qh4 41.
Rb7 Rg3 42. Qxf4 Rxg2+ 43. Kxg2 Rg7+ 0-1

[Event "CAMPEONATO CONTINENTAL ABSOLUT"]
[Site "Hotel Torre de Cali, Cali, Co"]
[Date "2007.07.14"]
[Round "5.30"]
[White "La Rota, Fabio"]
[Black "Moreno, William"]
[Result "1/2-1/2"]
[WhiteElo "2286"]
[BlackElo "2194"]
[PlyCount "64"]
[EventDate "2007.07.10"]

1. e4 g6 2. Nc3 Bg7 3. g3 c5 4. Bg2 Nc6 5. d3 Rb8 6. Be3 d6 7. Qd2 b5 8. h3 b4
9. Nd1 e5 10. f4 Nge7 11. Nf3 Nd4 12. fxe5 Nxf3+ 13. Bxf3 Bxe5 14. g4 O-O 15.
O-O Nc6 16. Bg2 Nd4 17. c3 bxc3 18. bxc3 Ne6 19. d4 cxd4 20. cxd4 Bg7 21. Rc1
Ba6 22. Re1 Rc8 23. Rxc8 Qxc8 24. Nf2 Qc4 25. Bf1 Qa4 26. Bxa6 Qxa6 27. d5 Nc5
28. e5 Na4 29. Qd3 Qxd3 30. Nxd3 dxe5 31. Bxa7 Rd8 32. Nxe5 Rxd5 1/2-1/2

[Event "CAMPEONATO CONTINENTAL ABSOLUT"]
[Site "Hotel Torre de Cali, Cali, Co"]
[Date "2007.07.14"]
[Round "5.31"]
[White "Gutierrez, Jose Antonio"]
[Black "Buitrago, Juan Carlos"]
[Result "1-0"]
[WhiteElo "2283"]
[BlackElo "2160"]
[PlyCount "73"]
[EventDate "2007.07.10"]

1. e4 e5 2. Nf3 Nc6 3. Bb5 a6 4. Bxc6 dxc6 5. O-O f6 6. d4 Bg4 7. c3 exd4 8.
cxd4 c5 9. d5 Bd6 10. h3 Bh5 11. Re1 Ne7 12. Nbd2 b5 13. Nb3 c4 14. Nbd4 Bf7
15. a4 Rb8 16. axb5 axb5 17. Bd2 O-O 18. Ra6 Qc8 19. Qa1 b4 20. Rc1 Ra8 21.
Rxa8 Qxa8 22. Qxa8 Rxa8 23. Rxc4 Ra1+ 24. Ne1 Rd1 25. Ndf3 c5 26. Be3 f5 27. e5
Bxd5 28. exd6 Bxc4 29. dxe7 Bb5 30. Bxc5 b3 31. Kh2 Kf7 32. Nd4 Bd7 33. Nef3
Rb1 34. Ne5+ Ke8 35. Nxd7 Kxd7 36. Ba3 f4 37. Nf5 1-0

[Event "CAMPEONATO CONTINENTAL ABSOLUT"]
[Site "Hotel Torre de Cali, Cali, Co"]
[Date "2007.07.14"]
[Round "5.32"]
[White "Aranha Filho, Alvaro Z"]
[Black "Bibiloni, Jorge"]
[Result "1/2-1/2"]
[WhiteElo "2279"]
[BlackElo "2145"]
[PlyCount "30"]
[EventDate "2007.07.10"]

1. e4 d5 2. Nc3 d4 3. Nce2 Nc6 4. d3 e5 5. f4 Nf6 6. h3 Nh5 7. g3 exf4 8. Bxf4
Nxf4 9. Nxf4 Qg5 10. Kf2 Bd6 11. Qd2 O-O 12. Nf3 Qh6 13. Re1 Be6 14. a3 Rae8
15. Bg2 Bd7 1/2-1/2

[Event "CAMPEONATO CONTINENTAL ABSOLUT"]
[Site "Hotel Torre de Cali, Cali, Co"]
[Date "2007.07.14"]
[Round "5.33"]
[White "Beltran, Carlos"]
[Black "Guerrero, Juan Carlos"]
[Result "1-0"]
[WhiteElo "2272"]
[BlackElo "2144"]
[PlyCount "67"]
[EventDate "2007.07.10"]

1. d4 g6 2. Nf3 Bg7 3. e4 d6 4. c4 Nf6 5. Nc3 O-O 6. Be2 e5 7. d5 a5 8. Bg5
Nbd7 9. Nd2 c6 10. O-O h6 11. Be3 Ne8 12. g4 Kh7 13. Kh1 Bf6 14. Nf3 Bg5 15.
Nxg5+ hxg5 16. Kg2 Rh8 17. f3 c5 18. Qd2 f6 19. Rh1 Kg8 20. a3 b6 21. Bd1 Nf8
22. Ba4 Ng7 23. Bc6 Ra7 24. b4 Nh7 25. bxc5 bxc5 26. Rab1 Qe7 27. Rb8 Qc7 28.
Qb2 Ra6 29. Rb1 Kf7 30. Rb7 Bxb7 31. Qxb7 Rxc6 32. dxc6 Rc8 33. Qxc7+ Rxc7 34.
Rb7 1-0